Most evil people in history - Statistics

General Stats
  • This quiz has been taken 353 times
  • The average score is 7 of 25
Answer Stats
Hint Answer % Correct
3 Adolf Hitler
99%
2 Joseph Stalin
93%
7 Mao Zedong
53%
4 Pol Pot
53%
10 Genghis Khan
50%
21 Osama Bin Laden
36%
14 Emperor Hirohito
35%
20 Saddam Hussein
34%
19 Heinrich Himmler
31%
6 Ivan the Terrible
31%
5 Idi Amin
28%
13 Nero
28%
12 Caligula
20%
16 Kim Il Sung
20%
11 Attila the Hun
19%
23 Josef Mengele
16%
1 Vlad Dracula
16%
18 Adolf Eichmann
15%
9 Leopold II of Belgium
15%
15 Ayatollah Ruhollah Khomeini
10%
25 Elizabeth Bathory
10%
17 Maximilien Robespierre
8%
22 Reinhard Heydrich
7%
24 Talat Pasha
5%
8 Tomas de Torquemada
3%
No matching quizzes found
Score Distribution
Percent of People with Each Score
Percentile by Number Answered
Your Score History
You have not taken this quiz